Kronika rodu Cliftonovcov Štvrtá časť Splnené želanie

Bibliographic Details
Main Author: Archer, Jeffrey, 1940- (Author)
Other Authors: Kôpka, František (prekladateľ) (Translator)
Format: Book
Language:Slovak
English
PhysicalDescription:341 s. geneal. tab. 21 cm
Published: [Bratislava] Motýľ 2016
ISBN:9788081641121
Edition:1. vydanie
Subjects:

MARC

LEADER 00000cam a2200000 a 4500
001 vtls011597848
003 SK-MaSNL
005 20260301140417.0
008 240318s2016 xo j e 000 f slo
015 |a SNBA2017/02 
020 |a 9788081641121  |q (viaz.) 
035 |a urn:nbn:sk:snk-am00dzf8 
035 |a urn:nbn:sk:snk-am3i9r7 
035 |a 8B8DF599-970F-473E-8672-21666EEBE829 
040 |a SNK  |b slo  |c SNK  |e AACR2 
041 1 |a slo  |h eng 
044 |a xo  |c SK 
072 7 |a 821.111-3  |x Anglická próza, anglicky písaná  |2 konspekt 
080 |a 821.111-31  |2 2011 
100 1 |a Archer, Jeffrey,  |d 1940-  |4 aut  |9 89870 
240 1 0 |a Be careful what you wish for  |l Slovensky 
245 1 0 |a Kronika rodu Cliftonovcov  |n Štvrtá časť  |p Splnené želanie  |c Jeffrey Archer ; preložil František Kôpka 
246 3 0 |a Splnené želanie 
250 |a 1. vydanie 
260 |a [Bratislava]  |b Motýľ  |c 2016 
300 |a 341 s.  |b geneal. tab.  |c 21 cm 
500 |a Miesto vydania podľa NA ISBN 
500 |a Preložené z angličtiny 
655 7 |a anglické romány  |2 SNKPH  |9 70428 
655 7 |a English fiction  |2 SNKPHeng  |9 109944 
700 1 |a Kôpka, František  |c (prekladateľ)  |4 trl  |9 218853 
852 |a Slovenská národná knižnica 
919 |a 978-80-8164-112-1 
954 |a beletria cudzojazyčná (svetová)  |2 lita 
958 |a LX 
958 |a UP 
968 |b ENG 
999 |c 763570  |d 765500 
952 |a SNK  |b SNK  |y PREZ  |7 0  |p 17A1252496  |o snkSC 166550/4  |i snk2017/3607  |8 0  |0 0  |1 0  |4 0  |d 2017-02-08  |f 1  |l 0  |r 2026-02-24 00:11:32  |w 2026-02-24 
952 |a SNK  |b SNK  |y PREZ  |7 0  |p 17A1254427  |o snkSC 166550/4 D1  |i snk2017/5493  |8 0  |0 0  |1 0  |4 0  |d 2017-02-28  |l 0  |r 2026-02-24 00:11:32  |w 2026-02-24